000 02472nam a22005297a 4500
003 CHAP
005 20220329141253.0
008 971010s1985 r 00010 d
010 _a65482
011 _a66454
035 _a74587
040 _cCHAP
082 _a632.9502
_bC7
245 _aCRC Handbook of natural pesticides
_b: methods
260 _aRoca Raton, Fla. :
_bCRC,
_c1985-198 ?
300 _a5 v.
_b: ilus.
490 _aNatural occuring pesticides
505 _aContenido : v.1 Theory, practice and detection.--v.2 Isolation and identification.--v.3 Pte. A y B Insect growth regulators.--v.4 Pte.A y B Pheronomes--v.5 Pte.A Entomogenous protozoa and fungi
590 _aBATCH-UPD
_b10
_c20130110
_lUCH01
_h0730
590 _aCONVERSION
_b10
_c20130109
_lUCH01
_h1336
650 1 4 _aFeromonas.
_940358
650 1 4 _aInsecticidas.
_958855
650 1 4 _aPesticidas naturales.
_987575
650 1 4 _aPesticidas
_xManuales.
_987563
700 0 _aMandava, N. Bhushan.
_970345
830 0 _aNatural occuring pesticides
_980409
901 _aBK
942 _cLIBRO
949 _a632.9502 C7
_bBC
_cC
_d33724000569604
_eC
_fv.1
_h71993
_i74587
_si
949 _a632.9502 C7
_bBC
_cC
_d33724000569612
_eC
_fv.1 c.3
_h79464
_i74587
_si
949 _a632.9502 C7
_bBC
_cC
_d33724000569620
_eC
_fv.2
_h71994
_i74587
_si
949 _a632.9502 C7
_bBC
_cC
_d33724000569638
_eC
_fv.1 c.2
_h78881
_i74587
_si
949 _a632.9502 C7
_bBC
_cC
_d33724000569646
_eC
_fv.2 c.2
_h79314
_i74587
_si
949 _a632.9502 C7
_bBC
_cC
_d33724000569653
_eC
_fv.2 c.3
_h79464
_i74587
_si
949 _a632.9502 C7
_bBC
_cC
_d33724000569661
_eC
_fv.4 Pte.A
_h78882
_i74587
_si
949 _a632.9502 C7
_bBC
_cC
_d33724000569679
_eC
_fv.3 Pte.B
_h79463
_i74587
_si
949 _a632.9502 C7
_bBC
_cC
_d33724000569687
_eC
_fv.3 pte.A
_h79462
_i74587
_si
949 _a632.9502 C7
_bBC
_cC
_d33724000569695
_eC
_fv.4 Pte.B
_h78883
_i74587
_si
949 _a632.9502 C7
_bBC
_cC
_d33724000569703
_eC
_fv.5 Pte.A
_h71993
_i74587
_si
949 _a632.9502 C7
_bPA
_cCBD
_d-70354
_eC
_fv.2
_h1933
_i74587
_si
949 _a632.9502 C7
_bPA
_cCBD
_d-70355
_eC
_fv.3 Pte. A
_h1936
_i74587
_si
949 _a632.9502 C7
_bPA
_cCBD
_d-70356
_eC
_fv.3 Pte. B
_h1937
_i74587
_si
949 _a632.9502 C7
_bPA
_cCBD
_d-70357
_eC
_fv.4 Pte. A
_h1934
_i74587
_si
949 _a632.9502 C7
_bPA
_cCBD
_d-70359
_eC
_fv.4 Pte. B
_h1935
_i74587
_si
949 _a632.9502 C7
_bPA
_cCBD
_d-70360
_eC
_fv.5 Pte. A
_h1938
_i74587
_si
949 _a632.9502 C7
_bPA
_cCBD
_d-7460
_eC
_fv.1
_h1932
_i74587
_si
999 _c65482
_d65482